Statistics for Cities of the Province in Netherlands: Limburg

Click here to take the quiz!

General Stats

  • This quiz has been taken 99 times
  • The average score is 10 of 20

Answer Stats

City% Correct
Maastricht/Mestreech
100%
Heerlen/Heële
92%
Venlo
90%
Sittard/ Zitterd
88%
Roermond/Remunj
86%
Kerkrade
85%
Weert/ Wieërt
73%
Geleen/Gelaen
71%
Valkenburg/Valkeberg
64%
Landgraaf/ Lankgraaf
60%
Echt/Ech
56%
Vaals
56%
Susteren/Zöstere
37%
Stein
26%
Gennep
23%
Thorn/Thoear
16%
Montfort/Mofert
7%
Schin op Geul/Sjin
7%
Kessel
5%
Nieuwstadt/De Nuujsjtad
4%

Score Distribution

Percentile by Number Answered

Percent of People with Each Score

Your Score History

You have not taken this quiz